Normal view
MARC view
- Byers, Robert
Entry Personal Name
001 - CONTROL NUMBER
- control field: 7074
003 - CONTROL NUMBER IDENTIFIER
- control field: OSt
005 - DATE AND TIME OF LATEST TRANSACTION
- control field: 20250205120959.0
008 - FIXED-LENGTH DATA ELEMENTS
- fixed length control field: 250205|| aca||aabn | a|a d
040 ## - CATALOGING SOURCE
- Original cataloging agency: OSt
- Transcribing agency: OSt
100 ## - HEADING--PERSONAL NAME
- Personal name: Byers, Robert
670 ## - SOURCE DATA FOUND
- Source citation: Work cat.: (OSt)19303: Byers, Robert, d Base Programmers Utilities
